| 000 | 02063nam0a22003251 4500 | ||
|---|---|---|---|
| 001 | v19\rc\2110522 | ||
| 005 | 20250620045715.0 | ||
| 035 | _a(NLR Aleph) 005181742 | ||
| 090 |
_a5137319 _c5137319 |
||
| 100 | _a20090914d1824 |||y0rusy50 ca | ||
| 101 | 0 | _arus | |
| 102 | _aRU | ||
| 135 | _acrcn 024anaba | ||
| 140 | _ay y kb yaa0000 | ||
| 200 | 1 |
_aГеографическая таблица Европы _eсоставленная по новейшим назначениям и политическим переменам, произшедшим во многих европейских государствах |
|
| 210 |
_a[Санкт-Петербург] _cпечатано в типографии, состоящей при Особенной канцелярии Министерства внутренних дел _d1824 |
||
| 215 |
_a[1] л. _d49х63 см |
||
| 316 |
_aЭкз. РНБ (18.8.1.355) без обл. Л. табл. сложен, вложен в бумаж. кармашек. На кармашке рукоп. шифр РНБ (шариковая ручка). На л. техн. помета чернилами. На обороте л. ярлык с шифром РНБ, круглый штамп ГПБ и техн. помета чернилами. Размер листа: 49,0х62,5 см. Размер экз. в кармашке: 34,0х26,0х0,2 см _5NLR: 18.8.1.355 |
||
| 325 | _aКопия доступна в Электрон. б-ке РНБ | ||
| 620 | _dСанкт-Петербург | ||
| 712 | 0 | 1 |
_4610 _aРоссия _bМинистерство внутренних дел _bОсобенная канцелярия _bТипография _9711190 _3RU\NLR\AUTH\880524854 |
| 801 | 0 |
_aRU _bNLR _gpsbo |
|
| 801 | 1 |
_aRU _bProSoft-M _2rusmarc |
|
| 852 |
_aNLR _j18.8.1.355 |
||
| 942 | _cBOOK | ||
| 980 | _aNB | ||
| 981 | 2 | 0 |
_a(20) Книжные памятники РНБ _b(20) Русский книжный фонд |